01352nam a2200337Ia 4500001001200000003000800012006001900020007001500039008004100054010001700095020001800112020002300130020002200153040002100175035002000196050002300216245010400239260004800343300001400391504005100405533015200456650007800608650002300686651004600709651003600755655002900791700003300820700001800853710001700871856012600888ebr10278579CaPaEBRm u cr cn|||||||||950823s1996 nyu sb 001 0 eng d z 95040297  z9780195097818 z0195097815 (cloth) z0195097823 (pbk.) aCaPaEBRcCaPaEBR a(OCoLC)6517116914aPS261b.F88 1996eb04aThe future of Southern lettersh[electronic resource] /cedited by Jefferson Humphries & John Lowe. aNew York :bOxford University Press,c1996. ax, 198 p. aIncludes bibliographical references and index. aElectronic reproduction.bPalo Alto, Calif. :cebrary,d2009.nAvailable via World Wide Web.nAccess may be limited to ebrary affiliated libraries. 0aAmerican literaturezSouthern StatesxHistory and criticismxTheory, etc. 0aCanon (Literature) 0aSouthern StatesxIntellectual lifey1865- 0aSouthern StatesxIn literature. 7aElectronic books.2local1 aHumphries, Jefferson,d1955-1 aLowe, John W.2 aebrary, Inc.40uhttp://site.ebrary.com/lib/rucke/Doc?id=10278579zAn electronic book accessible through the World Wide Web; click to view